000 00366nam a2200145Ia 4500
008 230917s9999||||xx |||||||||||||| ||und||
040 _e58338
_aMAIN
041 _aEnglish
082 _a657.45 H427A
100 _aHermanson, Roger H
245 0 _aAuditing theory and practice
260 _aIllionois
_bRichard D Irwin
_c1976
300 _axv, 510 p.
942 _cBK
999 _c211084
_d211084